Statistics for Biggest U.S. Cities Starting With S - With a Map

Click here to take the quiz!

General Stats

  • This quiz has been taken 75 times
  • The average score is 18 of 26

Answers on the Map

Answers color-coded by a green-red scale on the quiz's map according to % correct below.
 

Answer Stats

PopulationAnswer% Correct
1,434,367San Antonio
100%
1,386,960San Diego
100%
873,959San Francisco
100%
737,018Seattle
100%
524,924Sacramento
97%
301,574Saint Louis
93%
199,711Salt Lake City
93%
1,013,221San Jose
91%
311,518Saint Paul
89%
175,472Salem
86%
228,978Spokane
84%
192,700Sioux Falls
79%
258,356Saint Petersburg
77%
187,587Shreveport
70%
155,931Springfield
70%
169,168Springfield
70%
310,555Santa Ana
69%
222,068San Bernardino
61%
320,810Stockton
60%
241,339Scottsdale
57%
228,679Santa Clarita
50%
178,128Santa Rosa
39%
163,542Salinas
31%
155,629Sunnyvale
20%
205,618Sunrise Manor
13%
215,597Spring Valley
11%

Score Distribution

Percentile by Number Answered

Percent of People with Each Score

Your Score History

You have not taken this quiz